000 00456nam a2200181Ia 4500
008 230524s9999 xx 000 0 und d
020 _a9781316635650
082 _bKHA
100 _aMd. N. Khan
245 0 _aPrinciples of Engineering Physics - 2
250 _a1
260 _aNew Delhi
_bCambridge University Press
_c2016
300 _a"XIX,485p;"
500 _aQuantity Number: 21
650 _aPhysics
700 _a S.Panigrahi
942 _cBK
999 _c57588
_d57588